Sentadito en un rincón: texto de apresto para niños entre 5 y 7 años

Uloženo v:
Podrobná bibliografie
Hlavní autoři: Astaburuaga, Irene (Autor), Schmidt, Sandra (Autor), Ureta, María Eliana (Autor)
Další autoři: Milicic Müller, Neva (autora)
Médium: Kniha
Jazyk:španělština
Vydáno: Santiago Universitaria 2002
Témata:
Tagy: Přidat tag
Žádné tagy, Buďte první, kdo vytvoří štítek k tomuto záznamu!

MARC

LEADER 00000nam a2200000 a 4500
001 UCI7425
003 CL-VaPUC
008 080703e20020000CL |||||||||||||||||spa|d
020 |a 9561116278 
082 0 4 |a 372.412  |b AST  |2 21 
100 0 |a Astaburuaga, Irene  |e author  |9 530680 
700 |a Milicic Müller, Neva  |e autora  |9 591309 
700 0 |a Schmidt, Sandra  |e author  |9 530682 
700 0 |a Ureta, María Eliana  |e author  |9 530683 
245 1 0 |a Sentadito en un rincón: texto de apresto para niños entre 5 y 7 años 
300 |a 240 p 
942 |c BK 
945 |d 20080703 00:00:00  |a rbrito 
260 |a Santiago  |b Universitaria  |c 2002 
650 0 |a Enseñanza de la lectura  |9 308364 
650 0 |a Lectura  |9 307634 
650 0 |a Educación preescolar  |9 260381 
650 7 |a LIBROS DE TEXTOS  |2 CL-VaPUC  |9 530684 
583 |a last modification  |c 20080703 00:00:00  |k Rodrigo Vera 
999 |c 330719  |d 330717 
952 |0 0  |1 0  |4 0  |6 372_412000000000000_AST_2002  |7 0  |8 A  |9 416445  |a BIBEDU  |b BIBEDU  |d 2019-11-22  |i 4454340  |o 372.412 AST 2002  |p 4454340  |r 2019-11-22  |w 2019-11-22  |y BK  |k EBA